LIBRARY ONLINE CATALOGUE

Latin America and Canada : (Record no. 14455)

MARC details
000 -LEADER
fixed length control field 00796nam a22002292 4500
001 - CONTROL NUMBER
control field 0000008881
005 - DATE AND TIME OF LATEST TRANSACTION
control field 20151217160119.0
008 - FIXED-LENGTH DATA ELEMENTS--GENERAL INFORMATION
fixed length control field 080613s xx 000 0 eng d
020 ## - INTERNATIONAL STANDARD BOOK NUMBER
International Standard Book Number 0021473315 :
Terms of availability KES
040 ## - CATALOGING SOURCE
Original cataloging agency KABU
Transcribing agency KABU
245 10 - TITLE STATEMENT
Title Latin America and Canada :
Remainder of title adventure in time and place /
Statement of responsibility, etc. James A. Banks ...[et al.]
260 ## - PUBLICATION, DISTRIBUTION, ETC. (IMPRINT)
Place of publication, distribution, etc. New York :
Name of publisher, distributor, etc. McGraw-Hill,
Date of publication, distribution, etc. 1998.
300 ## - PHYSICAL DESCRIPTION
Extent xi, 612 p.
650 #0 - SUBJECT ADDED ENTRY--TOPICAL TERM
Topical term or geographic name as entry element Latin America
General subdivision Juvenile works.
-- 0000159649
651 #0 - SUBJECT ADDED ENTRY--GEOGRAPHIC NAME
Geographic name Canada
General subdivision Juvenile works.
-- 0000159650
700 1# - ADDED ENTRY--PERSONAL NAME
Personal name Banks, James A.
-- 0000056113
908 ## - PUT COMMAND PARAMETER (RLIN)
Put command parameter 080613
950 ## - LOCAL HOLDINGS (RLIN)
-- 1
Holdings
Withdrawn status Lost status Source of classification or shelving scheme Not for loan Home library Current library Date acquired Total Checkouts Full call number Barcode Date last seen Date last checked out Price effective from Koha item type
    Library of Congress Classification   Kabarak, Main Campus Kabarak, Main Campus 17/12/2015 1 F1408.2 .L38 1998 c. 1 011603 21/09/2016 19/08/2016 17/12/2015 Children Collection
    Library of Congress Classification   Kabarak, Main Campus Kabarak, Main Campus 17/12/2015   F1408.2 .L38 1998 c. 2 011604 17/12/2015   17/12/2015 Children Collection
    Library of Congress Classification   Kabarak, Main Campus Kabarak, Main Campus 17/12/2015 1 F1408.2 .L38 1998 c. 3 012276 08/01/2025 03/10/2024 17/12/2015 Children Collection